|
|
|
|
| LEADER |
00000nab a2200000 a 4500 |
| 001 |
vtls009468063 |
| 003 |
SK-MaSNL |
| 005 |
20260304164150.0 |
| 008 |
250507c2008 xo zr|p|||||||000 b|slo |
| 015 |
|
|
|a SNBRB2009/02
|2 snkbucl
|
| 035 |
|
|
|a (sysno)vtls009468063
|
| 035 |
|
|
|a urn:nbn:sk:snk-ab6ri6
|
| 035 |
|
|
|a (uuid)5eed2e9c-a626-48cb-adda-964fa40b079b
|
| 035 |
|
|
|a (urnnbn)urn:nbn:sk:snk:ar-a05gts
|
| 038 |
|
|
|a SNKBUCL
|
| 040 |
|
|
|a SNKBUCL
|b slo
|c SNKBUCL
|e AACR2
|
| 041 |
0 |
|
|a cze
|b eng
|
| 044 |
|
|
|a xo
|c SK
|
| 080 |
|
|
|a 327.56/.57:355.45.02:338.439
|2 2001
|
| 080 |
|
|
|a 355.45.02
|2 2001
|
| 080 |
|
|
|a 338.439
|2 2001
|
| 080 |
|
|
|a 339.92
|2 2001
|
| 100 |
1 |
|
|a Krč, Miroslav
|4 aut
|9 419267
|
| 245 |
1 |
0 |
|a Ekonomická bezpečnost jako zdroj mezinárodní spolupráce
|c Miroslav Krč, Gamil Al-Madhagi
|
| 300 |
|
|
|b Graf, sch., tab.
|
| 500 |
|
|
|a Pozn. pod čiarou
|
| 504 |
|
|
|a Bibliogr. odkazy
|
| 546 |
|
|
|a Res. angl.
|
| 650 |
0 |
7 |
|a bezpečnosť
|2 snkbucl
|9 274422
|
| 650 |
0 |
7 |
|a obrana štátu
|2 snkbucl
|9 15422
|
| 650 |
0 |
7 |
|a ekonomická bezpečnosť
|2 snkbucl
|9 119298
|
| 650 |
0 |
7 |
|a medzinárodná hospodárska spolupráca
|2 snkbucl
|9 3892
|
| 650 |
0 |
7 |
|a medzinárodná vojenská spolupráca
|2 snkbucl
|9 1492451
|
| 700 |
1 |
|
|a Al-Madhagi, Gamil
|4 aut
|9 1492452
|
| 773 |
0 |
|
|t Ekonomický časopis = Journal of Economics
|g Roč. 56, č. 9 (2008), s. 892-911
|x 0013-3035
|
| 850 |
|
|
|a Slovenská národná knižnica
|
| 852 |
|
|
|a Slovenská národná knižnica
|
| 954 |
|
|
|a odborná, vedecká literatúra cudzojazyčná (svetová)
|2 lita
|
| 958 |
|
|
|a article27
|
| 958 |
|
|
|a NB
|
| 958 |
|
|
|a OND
|
| 958 |
|
|
|a EUIPO
|
| 999 |
|
|
|c 2979921
|d 2981851
|